书目信息 |
| 题名: |
经济数学基础:现行代数
|
|
| 作者: | 陈宝谦 , 张源 主编 | |
| 分册: | ||
| 出版信息: | 天津 天津大学出版社 1993.01 |
|
| 页数: | 366页 | |
| 开本: | 32开 | |
| 丛书名: | ||
| 单 册: | ||
| 中图分类: | O151.2 | |
| 科图分类: | ||
| 主题词: | 代数 , 数论 , 组合数学 | |
| 电子资源: | ||
| ISBN: | 7-5618-0429-6 | |
| 000 | 00657nam0 2200229 45 | |
| 001 | 0011181092 | |
| 005 | 20001203160527.8 | |
| 010 | @a7-5618-0429-6@d12.00元 | |
| 100 | @a20001118d1993 km y0chiy0120 ea | |
| 101 | 0 | @achi |
| 105 | @a z 000yy | |
| 200 | 1 | @a经济数学基础:现行代数@AJing Ji Shu Xue Ji Chu:XianXing Dai Shu@f陈宝谦,张源主编@FChen Bao Qian,Zhang Yuan Zhu Bian |
| 210 | @a天津@c天津大学出版社@d1993.01 | |
| 215 | @a366页@d32开 | |
| 606 | 0 | @a代数 |
| 606 | 0 | @a数论 |
| 606 | 0 | @a组合数学 |
| 690 | @aO151.2@v3 | |
| 701 | 0 | @a陈宝谦@4主编 |
| 701 | 0 | @a张源@4主编 |
| 801 | @aCN@bPftUser@c20001118 | |
| 905 | @dO151.2@eCH625@b511893-894@f2 | |
| 经济数学基础:现行代数/陈宝谦,张源主编.-天津:天津大学出版社,1993.01 |
| 366页;32开 |
| ISBN 7-5618-0429-6:12.00元 |
| ● |
| 相关链接 |
|
|
|
正题名:经济数学基础:现行代数
索取号:O151.2/CH625
 
预约/预借
| 序号 | 登录号 | 条形码 | 馆藏地/架位号 | 状态 | 备注 |
| 1 | 511893 | 205118932 | 自科库401/401自科库 41排2列3层/ [索取号:O151.2/CH625] | 在馆 | |
| 2 | 511894 | 205118941 | 自科二线504/504自科库 50排6列3层/ [索取号:O151.2/CH625] | 在馆 | |
| 3 | 67582 | 200675821 | 自科二线504/504自科库 50排6列5层/ [索取号:O151.2/CH625] | 在馆 |